| 000 | 00000cam 2200000zi 4500 |
| 001 | 9.932134 |
| 003 | CaOODSP |
| 005 | 20260210092243 |
| 006 | m o d f |
| 007 | cr mn||||||||| |
| 008 | 240105t20242024qucab ob f000 0 fre d |
| 020 | |a9780660695051 |q(PDF) |
| 020 | |a9780660695068 |q(papier) |
| 040 | |aCaOODSP|bfre|erda|cCaOODSP |
| 043 | |an-cn-nk |
| 086 | 1 |aR64-105/80-2024F-PDF |
| 086 | 1 |aR64-105/80-2024F |
| 245 | 00|aParc national du Canada Fundy : |bplan directeur. |
| 246 | 14|aParc national du Canada Fundy : |bplan directeur, 2024 |
| 246 | 17|aParc national Fundy : |bplan directeur |
| 246 | 3 |aPlan directeur du parc national du Canada Fundy, 2024 |
| 264 | 1|a[Gatineau, Québec] : |bParcs Canada = Parks Canada, |c2024. |
| 264 | 4|c©2024 |
| 300 | |a1 ressource en ligne (x, 22 pages) : |billustrations en couleur, cartes en couleur |
| 336 | |atexte|btxt|2rdacontent/fre |
| 337 | |ainformatique|bc|2rdamedia/fre |
| 338 | |aressource en ligne|bcr|2rdacarrier/fre |
| 500 | |aPublié aussi en anglais sous le titre : Fundy National Park of Canada management plan. |
| 504 | |aComprend des références bibliographiques. |
| 651 | 6|aParc national Fundy (N.-B.)|xGestion. |
| 710 | 2 |aParcs Canada, |eorganisme de publication. |
| 775 | 08|tFundy National Park of Canada management plan.|w(CaOODSP)9.932130 |
| 776 | 0#|tPlan directeur du Parc national du Canada Fundy.|w(CaOODSP)9.932135 |
| 856 | 40|qPDF|s4.67 Mo|uhttps://publications.gc.ca/collections/collection_2024/pc/R64-105-80-2024-fra.pdf |
| 856 | 4 |qHTML|sS.O.|uhttps://parcs.canada.ca/pn-np/nb/fundy/info/plan |